000 00413nam a2200169Ia 4500
005 20260330112712.0
008 260330s9999||||xx |||||||||||||| ||und||
020 _a9788427806368
041 _aspa
100 _aVarios
245 0 _aGeografía Universal - Volumen 12 /
_cVarios
250 _a1 ed.
260 _aBarcelona :
_bEdiciones Nauta.
_c1982
300 _a180 p.
650 _aGEOGRAFÍA
942 _cBK
999 _c2010
_d2010